000
00308nam a22001337a 4500
008
170801b xxu||||| |||| 00| 0 eng d
020
_a
3890280439
041
_a
ger
080
_a
004
100
_a
32
101
_a
SHK
245
_a
INFORMATIK- EINE PC- ORIENTIERTE EINFUHRUNG
_c
SOMMER,M
942
_2
udc
_c
BK
999
_c
22423
_d
22423